000 00433pab a2200157 454500
008 180718b2002 xxu||||| |||| 00| 0 eng d
100 _aMaitra, Shipra
245 _aMunicipal indebtedness and supply of services: some thoughts for financial management
260 _c2002
300 _ap.32-40.
362 _aJul-Sep
650 _aFinancial administration
650 _aLocal government
773 _aNagarlok
909 _a57173
999 _c57173
_d57173